U.S. Presidential Race Canidates - Statistics

General Stats
  • This quiz has been taken 34 times
  • The average score is 92 of 130
Answer Stats
Year Candidate % Correct
1860 | 1864 Abraham Lincoln
100%
2000 Al Gore
100%
2008 | 2012 Barack Obama
100%
1992 | 1996 Bill Clinton
100%
1812 DeWitt Clinton
100%
2016 | 2020 | 2024 Donald Trump
100%
1932 | 1936 | 1940 | 1944 Franklin D. Roosevelt
100%
1988 | 1992 George H. W. Bush
100%
1789 George Washington
100%
2000 | 2004 George W. Bush
100%
2016 Hillary Clinton
100%
2020 Joe Biden
100%
1796 | 1800 John Adams
100%
1960 John F. Kennedy
100%
2008 John McCain
100%
1824 | 1828 John Quincy Adams
100%
2024 Kamala Harris
100%
1960 Richard M. Nixon
100%
1968 | 1972 Richard Nixon
100%
1980 | 1984 Ronald Reagan
100%
1796 | 1800 | 1804 Thomas Jefferson
100%
1824 | 1828 | 1832 Andrew Jackson
94%
1952 | 1956 Dwight D. Eisenhower
94%
1976 Gerald Ford
94%
1948 Harry S. Truman
94%
1976 | 1980 Jimmy Carter
94%
1836 | 1840 | 1848 Martin Van Buren
94%
1904 | 1912 Theodore Roosevelt
94%
2012 Mitt Romney
89%
1908 | 1912 William Howard Taft
89%
1888 | 1892 Benjamin Harrison
83%
1928 | 1932 Herbert Hoover
83%
1964 Lyndon B. Johnson
83%
1868 | 1872 Ulysses S. Grant
83%
1836 | 1840 William Henry Harrison
83%
1912 | 1916 Woodrow Wilson
83%
1884 | 1888 | 1892 Grover Cleveland
78%
1880 James A. Garfield
78%
1808 | 1812 James Madison
78%
1816 | 1820 James Monroe
78%
2004 John Kerry
78%
1876 Rutherford B. Hayes
78%
1984 Walter Mondale
78%
1920 Warren G. Harding
78%
1996 Bob Dole
72%
1924 Calvin Coolidge
72%
1852 Franklin Pierce
72%
1844 James K. Polk
72%
1992 Ross Perot
72%
1848 Zachary Taylor
72%
1968 Hubert Humphrey
67%
1856 James Buchanan
67%
1896 | 1900 William McKinley
67%
1964 Barry Goldwater
61%
1968 George Wallace
61%
1988 Michael Dukakis
61%
1944 | 1948 Thomas E. Dewey
61%
1800 Aaron Burr
56%
1856 Millard Fillmore
56%
1896 | 1900 | 1908 William Jennings Bryan
56%
1952 | 1956 Adlai Stevenson II
50%
1972 George McGovern
50%
1824 | 1832 | 1844 Henry Clay
50%
1936 Alf Landon
39%
1876 Samuel J. Tilden
39%
1928 Al Smith
33%
1860 John C. Breckinridge
33%
1860 Stephen A. Douglas
33%
1864 George B. McClellan
28%
1924 John W. Davis
28%
1924 Robert M. La Follette
22%
1916 Charles Evan Hughes
17%
1920 James M. Cox
17%
1980 John B. Anderson
17%
1860 John Bell
17%
1948 Strom Thurmond
17%
1940 Wendell Wilkie
17%
1852 Winfield Scott
17%
1904 Alton B. Parker
11%
1884 James G. Blaine
11%
1856 John C. Frémont
11%
1816 Rufus King
11%
1880 Winfield Scott Hancock
11%
1804 | 1808 Charles Pinckney
6%
1836 Hugh Lawson White
6%
1872 Horace Greeley
0%
1868 Horatio Seymour
0%
1848 Lewis Cass
0%
1824 William Crawford
0%
No matching quizzes found
Score Distribution
Percent of People with Each Score
Percentile by Number Answered
Your Score History
You have not taken this quiz